00467nam a22001337a 4500003000500000038001800005082000800023100001700031245011200048264003300160650004100193700004200234856005700276NUST aNusrat Nadeem a200 aHammad, Amna aInvestigating the impact of Perceived Teacher Rejection on Students’ Academic Performance/cAmna Hammad,  aIslamabad:bS3H NUST.c2025. aMS- Career Counselling and Education aSupervisor: Dr. Sitwat Usman Langrial uhttp://10.250.8.41:8080/xmlui/handle/123456789/54789